000
00320nam a22001337a 4500
008
171014b xxu||||| |||| 00| 0 eng d
020
_a
9780195076516
041
_a
eng
080
_a
330.101.541
100
_a
52
101
_a
MAK
245
_a
AGRICULTURAL AND ENVIRONMENTAL ECONOMICS
_c
CARLSON, G.A
942
_2
udc
_c
BK
999
_c
33959
_d
33959